000 00423nam a2200181Ia 4500
001 1547
005 20260306143736.0
008 260306t2011||||xx |||||||||||||| ||spa||
041 _aESP
082 _a150.9
_bG79
100 _aGreenwood, John D.
_eAUT
245 0 _aHistoria de la psicologĂ­a:
_bun enfoque conceptual
260 _c2011
300 _a
_c
650 _aGEN
654 _aCPS
942 _cLIB
_dJUS
_fJUS
_2ddc
_n
999 _c1547
_d1547